000 00381nam a2200145 i 4500
001 bg
100 1 _aOtto, Edward
_d(1908-1986).
245 1 0 _aKrzywe stożkowe :
_bzajęcia fakultatywne w grupie matematyczno-fizycznej /
_cE. Otto.
250 _aWyd.2.
260 _aWarszawa,
_c1976.
040 _cBPK
041 _apol
942 _cKS
008 s pl f |000 0 pol
999 _c4747
_d4747
856 _uhttp://koha.tu.koszalin.pl/cgi-bin/koha/opac-detail.pl?biblionumber=4747
_yKatalog online BPK